00525nam a2200181Ia 4500003000400000008004100004040001600045082001800061100003700079245007000116700002900186700003100215300001100246490002700257650002100284650001900305650001900324GCL140319s9999 xx 000 0 ara d aGCL / cGCL04a530.11bر ا1 aفؤاد كامل (مترجم)10aالف باء النسبية / cفؤاد كامل (مترجم)1 aرسل ، برتراند1 aمحمد مرسى احمد a150 ص aالالف كتابv004aالفيزياء04aاينشتين04aالنسبية